000 00463nam a2200181Ia 4500
005 20240823005508.0
008 240823s9999||||xx |||||||||||||| ||und||
041 _aENGLISH
082 _A005.133 N8
100 _a"Zak,Diane"
245 0 _aProgramming with Microsoft Visual Basic 5.0 for Windows
250 _a1st
260 _c1998
_b"Galgotia,New Delhi"
500 _aYES
650 _aMicrosystem
_bComputer Applications
942 _cBK
999 _c155888
_d155888